|
|
|
|
| LEADER |
01675nam a2200349 i 4500 |
| 001 |
41487 |
| 003 |
BD-DhAAL |
| 005 |
20230718104827.0 |
| 008 |
200813s2021 maua 001 0 eng |
| 010 |
|
|
|a 2020036760
|
| 020 |
|
|
|a 9780262542364
|
| 040 |
|
|
|a DLC
|b eng
|e rda
|c DLC
|d DLC
|d BD-DhAAL
|
| 042 |
|
|
|a pcc
|
| 050 |
0 |
0 |
|a QA76.73.P98
|b G88 2021
|
| 082 |
0 |
0 |
|a 005.133
|2 23
|
| 100 |
1 |
|
|a Guttag, John,
|e author.
|9 55111
|
| 245 |
1 |
0 |
|a Introduction to computation and programming using Python :
|b with application to computational modeling and understanding data /
|c John V. Guttag.
|
| 250 |
|
|
|a Third edition.
|
| 264 |
|
1 |
|a Cambridge, Massachusetts :
|b The MIT Press,
|c c2021.
|
| 300 |
|
|
|a xviii, 637 pages :
|b illustrations ;
|c 23 cm.
|
| 500 |
|
|
|a Includes index.
|
| 520 |
|
|
|a "Introduces students with little or no programming experience to computational problem solving using Python and various Python libraries"--
|
| 526 |
|
|
|a CSE
|
| 541 |
|
|
|a Book Finder International
|e 41487
|
| 650 |
|
0 |
|a Python (Computer program language)
|v Textbooks.
|9 55112
|
| 650 |
|
0 |
|a Computer programming
|v Textbooks.
|9 55113
|
| 650 |
|
0 |
|a Computer science.
|
| 852 |
|
|
|a Ayesha Abed Library
|c General Stacks
|
| 942 |
|
|
|2 ddc
|c BK
|
| 999 |
|
|
|c 45713
|d 45713
|
| 952 |
|
|
|0 0
|1 0
|2 ddc
|4 0
|6 005_133000000000000_GUT
|7 0
|9 73919
|a BRACUL
|b BRACUL
|c GEN
|d 2023-07-12
|e Book Finder International
|g 7643.62
|l 6
|m 40
|o 005.133 GUT
|p 3010041487
|r 2025-09-08
|s 2025-08-18
|t 1
|v 7643.62
|w 2023-07-12
|y BK
|
| 952 |
|
|
|0 0
|1 0
|2 ddc
|4 0
|6 005_133000000000000_GUT
|7 0
|9 73920
|a BRACUL
|b BRACUL
|c GEN
|d 2023-07-12
|e Book Finder International
|g 7643.62
|l 4
|m 57
|o 005.133 GUT
|p 3010041488
|q 2026-05-21
|r 2025-11-10
|s 2025-11-10
|t 2
|v 7643.62
|w 2023-07-12
|y BK
|